Không - thời gian nghệ thuật trong Đêm thánh nhân của Nguyễn Đình Chính

Cơ sở lí luận chung. Không gian nghệ thuật trong Đêm thánh nhân của Nguyễn Đình Chính. Thời gian nghệ thuật trong Đêm thánh nhân của Nguyễn Đình Chính.

Sparad:
Bibliografiska uppgifter
Huvudupphovsman: Lê Thị Ngọc Tân
Övriga upphovsmän: Nguyễn Thanh Trường TS. (Hướng dẫn)
Materialtyp: Bok
Språk:Vietnamese
Publicerad: Đà Nẵng Đại học Sư phạm, Đại học Đà Nẵng 2013
Ämnen:
Taggar: Lägg till en tagg
Inga taggar, Lägg till första taggen!
Thư viện lưu trữ: Mạng thư viện Đại học Đà Nẵng
LEADER 01801nam a2200397 4500
001 000018976
003 15411
005 20140312160326.0
008 140225s2013 viesd
041 |a vie 
072 |a VH 
082 1 4 |a 895.922334  |b LÊ-T 
100 1 |a Lê Thị Ngọc Tân 
245 1 0 |a Không - thời gian nghệ thuật trong Đêm thánh nhân của Nguyễn Đình Chính  |c Lê Thị Ngọc Tân ; Nguyễn Thanh Trường hướng dẫn  |k Khóa luận tốt nghiệp 
260 |a Đà Nẵng  |b Đại học Sư phạm, Đại học Đà Nẵng  |c 2013 
300 |a 62 tr.  |c 29 cm. 
500 |a Khóa luận tốt nghiệp đại học. Chuyên ngành: Cử nhân Văn học 
520 |a Cơ sở lí luận chung. Không gian nghệ thuật trong Đêm thánh nhân của Nguyễn Đình Chính. Thời gian nghệ thuật trong Đêm thánh nhân của Nguyễn Đình Chính. 
600 1 4 |a Nguyễn Đình Chính  |d 1946-  |t Đêm thánh nhân 
650 0 4 |a Tiểu thuyết Việt Nam  |v Khóa luận tốt nghiệp  |x Nguyễn Đình Chính 
653 |a Tiểu thuyết Việt Nam 
653 |a Đêm thánh nhân 
653 |a Khoa Ngữ văn 
653 |a Phong cách nghệ thuật 
653 |a Văn học Việt Nam 
700 1 |a Nguyễn Thanh Trường  |c TS.  |e Hướng dẫn 
OWN |a LSP 
AVA |a UDN50  |b LSP  |d 895.922334 LÊ-T  |e available  |t Error 5001 Not defined in file expand_doc_bib_avail.  |f 1  |g 0  |h N  |i 0  |k 1 
999 |a From the UDN01 
AVA |a UDN50  |b LSP  |d 895.922334 LÊ-T  |e available  |t Error 5001 Not defined in file expand_doc_bib_avail.  |f 1  |g 0  |h N  |i 0  |k 1 
TYP |a Monograph 
TYP |a Printed language 
980 |a Mạng thư viện Đại học Đà Nẵng